Геохимические особенности солевых отложений (накипи) питьевых вод как индикатора природно-техногенного состояния территории: диссертация на соискание ученой степени кандидата геолого-минералогических наук; спец. 25.00.36

Dades bibliogràfiques
Autor principal: Монголина Т. А. Татьяна Александровна
Autor corporatiu: Национальный исследовательский Томский политехнический университет (ТПУ) Кафедра геоэкологии и геохимии
Altres autors: Барановская Н. В. Наталья Владимировна (научный руководитель)
Sumari:Защищена 22.12.2011 г.
Idioma:rus
Publicat: Томск, 2011
Matèries:
Format: MixedMaterials Llibre
KOHA link:https://koha.lib.tpu.ru/cgi-bin/koha/opac-detail.pl?biblionumber=206085

MARC

LEADER 00000nbm0a2200000 4500
001 206085
005 20231219092955.0
035 |a (RuTPU)RU\TPU\book\224634 
035 |a RU\TPU\book\224633 
090 |a 206085 
100 |a 20111223j20111222k y0rusy50 ca 
101 0 |a rus 
102 |a RU 
105 |a a m 001zy 
200 1 |a Геохимические особенности солевых отложений (накипи) питьевых вод как индикатора природно-техногенного состояния территории  |e диссертация на соискание ученой степени кандидата геолого-минералогических наук  |e спец. 25.00.36  |f Т. А. Монголина  |g Национальный исследовательский Томский политехнический университет (ТПУ), Кафедра геоэкологии и геохимии ; науч. рук. Н. В. Барановская 
210 |a Томск  |d 2011 
215 |a 146 л.  |c ил. 
300 |a Защищена 22.12.2011 г. 
320 |a Библиогр.: с. 131-146 (129 назв.). 
606 1 |a Воды природные  |x Содержание элементов и неорганических веществ  |2 stltpush  |3 (RuTPU)RU\TPU\subj\71270  |9 85239 
606 1 |a Гидроэкология  |2 stltpush  |3 (RuTPU)RU\TPU\subj\38873  |9 59123 
610 1 |a питьевая вода 
610 1 |a солевые отложения 
610 1 |a накипь 
610 1 |a использование 
610 1 |a изучение 
610 1 |a научные исследования 
610 1 |a Томская область 
610 1 |a природно-климатические условия 
610 1 |a геоэкологические проблемы 
610 1 |a бытовая нагревательная посуда 
610 1 |a пробы 
610 1 |a минеральный состав 
610 1 |a химические элементы 
610 1 |a геохимическое поле 
610 1 |a структура 
610 1 |a радиогеохимическая характеристика 
610 1 |a здоровье 
610 1 |a окружающая среда 
610 1 |a влияние 
610 1 |a диссертации 
610 1 |a труды учёных ТПУ 
675 |a 556.114.6(04)  |v 3 
675 |a 504.4(04)  |v 3 
686 |a 25.00.36  |2 oksvnk 
700 1 |a Монголина  |b Т. А.  |c геохимик  |c инженер Томского политехнического университета, аспирант  |f 1985-  |g Татьяна Александровна  |3 (RuTPU)RU\TPU\pers\26172 
702 1 |a Барановская  |b Н. В.  |c геохимик  |c профессор Томского политехнического университета, доктор биологических наук  |f 1970-  |g Наталья Владимировна  |3 (RuTPU)RU\TPU\pers\26055  |4 727  |9 11894 
712 0 2 |a Национальный исследовательский Томский политехнический университет (ТПУ)  |b Кафедра геоэкологии и геохимии  |c (2009- )  |3 (RuTPU)RU\TPU\col\15902 
801 1 |a RU  |b 63413507  |c 20111223 
801 2 |a RU  |b 63413507  |c 20180313  |g RCR 
942 |c BK